000 00883nam a2200181Ia 4500
008 151202s9999||||xx |||||||||||||| ||und||
082 _bPNVM-69550
100 _aकोलारकर शरद.
245 _aमृत्यूच्या सावलीतील महापुरुष आणि खलपुरुष.
260 _b"नवता बुक वर्ल्ड,कलाउदय,टिळक रोड,दहिसर (प),मुंबई 68."
260 _c69550
300 _a230
600 _aकोलारकर शरद.
630 _aमृत्यूच्या सावलीतील महापुरुष आणि खलपुरुष.
700 _aकोलारकर शरद.
730 _aमृत्यूच्या सावलीतील महापुरुष आणि खलपुरुष.
942 _cBOOK
999 _c1336060
_d1336057